000 00628nam a22002057a 4500
005 20250113151420.0
010 _aENG-143361
020 _c350.00
_a9789355327437
035 _aEN-126893
037 _bDBAD
082 _a000
100 _aAyushi Singh
_976471
245 _aIndian Society/
_cby Ayushi Singh [and] Nityanand Jha
250 _a1
260 _aChennai
_bMcGraw Hill Education Private Ltd
_c2023
270 _aAnjana Complex, No. 5/90A, Butt Road, St Thomas Mount
_bChennai
_e600016
300 _a194p.
_c24cm(pb)
700 _aJha, Nityanand
_eAuthor
_976472
942 _2ddc
_cEN
_mAYU
_h000
999 _c208427
_d208427